MARC

LEADER 00000nam0a2200000 4500
001 302660
005 20231101005543.0
035 |a (RuTPU)RU\TPU\book\327867 
090 |a 302660 
100 |a 20150825d1983 k y0rusy50 ca 
101 0 |a rus 
102 |a LV 
105 |a a z 001zy 
200 1 |a Управление информационными процессами и ресурсами в вычислительных системах и сетях с учетом тупиковых ситуаций  |f Э. В. Зиновьев, А. А. Стрекалов  |g Академия наук Латвийской ССР (АН ЛатССР), Институт электроники и вычислительной техники (ИЭиВТ) 
210 |a Рига  |c Изд-во ИЭиВТ  |d 1983 
215 |a 49 с.  |c ил. 
320 |a Библиогр.: с. 42-47 
606 1 |a Вычислительные сети  |x Управление  |2 stltpush  |3 (RuTPU)RU\TPU\subj\4246 
610 1 |a информационные процессы 
610 1 |a управление 
610 1 |a информационные ресурсы 
610 1 |a тупиковые ситуации 
610 1 |a классификации 
610 1 |a предотвращение 
610 1 |a обнаружение 
610 1 |a выход 
610 1 |a методы 
675 |a 681.324  |v 4 
700 1 |a Зиновьев  |b Э. В.  |g Эдуард Васильевич 
701 1 |a Стрекалов  |b А. А.  |g Анатолий Аркадьевич 
712 0 2 |a Академия наук Латвийской ССР (АН ЛатССР)  |b Институт электроники и вычислительной техники (ИЭиВТ)  |2 stltpush  |3 (RuTPU)RU\TPU\col\6601 
801 1 |a RU  |b 63413507  |c 20150825 
801 2 |a RU  |b 63413507  |c 20190411  |g RCR 
942 |c BK